Butter Dishes - Sudden Death - Statistics

General Stats
  • This quiz has been taken 109 times
  • The average score is 5 of 16
Answers on the Grid
Answers color-coded by a green-red scale on the quiz's grid according to % correct below.
Jambon-beurre
Gooey butter cake
Butter chicken
Brownie
Red velvet cake
Mysore pak
Crêpes Suzette
Ham croissant
Tournedos Rossini
Fettuccine Alfredo
Chicken Kiev
Eggs Benedict
Risotto
Escargots de Bourgogne
Sole meunière
Champ
Crème brûlée
Club sandwich
Caesar salad
Salade niçoise
Caprese salad
Bistecca alla fiorentina
Focaccia alla genovese
Socca
Falafel
Tabbouleh
Pastrami on rye
Pesto rigatoni
 
Answer Stats
Answer % Correct
Butter chicken
56%
Brownie
52%
Ham croissant
48%
Eggs Benedict
43%
Gooey butter cake
43%
Fettuccine Alfredo
39%
Risotto
39%
Jambon-beurre
34%
Red velvet cake
34%
Escargots de Bourgogne
33%
Crêpes Suzette
30%
Chicken Kiev
28%
Sole meunière
23%
Champ
8%
Tournedos Rossini
7%
Mysore pak
5%
No matching quizzes found
Score Distribution
Percent of People with Each Score
Percentile by Number Answered
Your Score History
You have not taken this quiz